| 000 | 00593nam a2200193 a 4500 | ||
|---|---|---|---|
| 005 | 20210223124025.0 | ||
| 008 | 991125n 000 0 spa u | ||
| 035 | _aUPN01000097506 | ||
| 100 | 1 |
_aAlvarez Constantino, Higilio _928713 |
|
| 222 |
_aEDUCACION : _bREVISTA DEL CONSEJO NACIONAL TECNICO DE LA EDUCACION |
||
| 245 | _aReseña histórica en su XXVII aniversario : [CNTE] | ||
| 300 | _a13-168 | ||
| 362 | _a1985, Vol. 9, 5a. época, n0. 43 (mar.-may.) | ||
| 653 | 0 | _aCNTE | |
| 653 | 0 | _aHISTORIA | |
| 653 | 0 | _aPUBLICACIONES PERIODICAS | |
| 904 |
_aAC _b035317 |
||
| 905 | _aArticulo | ||
| 999 |
_c76198 _d76198 |
||